000 00700nam a22001937a 4500
003 OSt
008 140115b xxu||||| |||| 00| 0 eng d
100 1 _aScott Stamp and Coin Co., Ltd
041 _aeng
245 1 0 _aScott's Standard Postage Stamp Catalogue 1898
246 1 0 _agiving a full description, supplemented with sketches of the designs of every postage stamp ever issued by any government in the world, together with the present value, both used and unused, of every stamp
260 _aNew York
_bScott Stamp and Coin Co., Ltd
300 _a595 pages
650 0 _aCatalogs and Price Lists
650 0 _aWorld
650 0 _aUnited States
650 0 _aDealer Publications
942 _e58
999 _c269
_d269